000 00319nam a22001337a 4500
020 _a9789693521337
040 _cNUST
082 _a297.4 AHM
100 _aAhmad Rafiq Akhtar, Prof
245 _aCharaagh-i-Sar-i Raah
260 _aLahore:
_bSang-e-Meel,
_c2012.
650 _aIslam-Essays
_9111972
942 _2ddc
_cBK
999 _c593678
_d593678